Mathematics in the modern world / (Record no. 356418)
[ view plain ]
| 000 -LEADER | |
|---|---|
| fixed length control field | 00267nam a2200097Ia 4500 |
| 008 - FIXED-LENGTH DATA ELEMENTS--GENERAL INFORMATION | |
| fixed length control field | 180517s9999 xx 000 0 und d |
| 020 ## - INTERNATIONAL STANDARD BOOK NUMBER | |
| International Standard Book Number | 9789712393570 |
| 245 ## - TITLE STATEMENT | |
| Title | Mathematics in the modern world / |
| 260 ## - PUBLICATION, DISTRIBUTION, ETC. (IMPRINT) | |
| Place of publication, distribution, etc | Sampaloc City: |
| Name of publisher, distributor, etc | REX store |
| Date of publication, distribution, etc | 2018 |
| 300 ## - PHYSICAL DESCRIPTION | |
| Extent | v, 329 pages |
| Withdrawn status | Lost status | Source of classification or shelving scheme | Damaged status | Home library | Current library | Shelving location | Date acquired | Source of acquisition | Total Checkouts | Total Renewals | Full call number | Barcode | Date last seen | Date checked out | Price effective from | Koha item type |
|---|---|---|---|---|---|---|---|---|---|---|---|---|---|---|---|---|
| Library of Congress Classification | Archives | Archives | 05/17/2018 | Donation | 2 | 10 | QA 93 .M426 2018 | C21499 | 10/27/2018 | 07/18/2018 | 05/17/2018 | Books |